000 01907cam a2200457 4500
001 D13616
008 #DATE n1958 000 0 eng u
035 _a(Sirsi) u129029
041 _aeng
100 _aPhillimore, R. H.
245 _aHistorical records of the survey of India volume four
_b1830 to 1843
_cGeorge Everest
260 _aDehra Dun
_bSurvey of India
_c1958
300 _axviii, 493p.
_bill
_c30cm.
490 _aHistorical Records of the Survey of India
505 _aGreat trigonometical survey: policy and programme
505 _aThe great arc
505 _aBase-lines
505 _aPrincipal triangles, subordinate series
505 _aPrincipal triangulation: practical details
505 _aGeodesy and allied sciences
505 _aRepair of instruments
505 _aSupply of instruments
505 _aHuman contacts, great trigonometrial survey
505 _aRevenue surveys: Bihar and Orissa
505 _aRevenue surveys: Lower Bengal and Assam
505 _aRevenue surveys: North Western Provinces
505 _aBombay surveys
505 _aMadras surveys
505 _aBengal Presidency: geographical and other surveys
505 _aMaps: general
505 _aAdministration
505 _aOffice and field establishments
505 _aMilitary surveyors
505 _aCivil assistants: great trigonometrial survey and topographical surveys
505 _aCivil assistants: revenue surveys
505 _aIndian staff
520 _aFourth volume in this definitive history of the survey of India covering the period during which George Everest was Surveyor General and Superintendent of the Great Trigonometrical Survey of India. Includes details of other surveys undertaken during this period. Includes maps and references to source material.
690 _aMAPPING AND MEASUREMENT
710 _aSurvey of India
_92931
942 _n0
999 _c104086
_d104086